<?xml version="1.0" encoding="UTF-8"?>
<record
    xmlns:xsi="http://www.w3.org/2001/XMLSchema-instance"
    xsi:schemaLocation="http://www.loc.gov/MARC21/slim http://www.loc.gov/standards/marcxml/schema/MARC21slim.xsd"
    xmlns="http://www.loc.gov/MARC21/slim">

  <leader>00475nam a22001817a 4500</leader>
  <datafield tag="999" ind1=" " ind2=" ">
    <subfield code="c">525508</subfield>
    <subfield code="d">525508</subfield>
  </datafield>
  <controlfield tag="003">NUST</controlfield>
  <datafield tag="020" ind1=" " ind2=" ">
    <subfield code="a">-</subfield>
  </datafield>
  <datafield tag="038" ind1=" " ind2=" ">
    <subfield code="a">Zafar Malik</subfield>
  </datafield>
  <datafield tag="082" ind1=" " ind2=" ">
    <subfield code="a">891.423</subfield>
    <subfield code="b">PAR</subfield>
  </datafield>
  <datafield tag="100" ind1=" " ind2=" ">
    <subfield code="a">Parvez, Aslam</subfield>
    <subfield code="9">16407</subfield>
  </datafield>
  <datafield tag="245" ind1=" " ind2=" ">
    <subfield code="a">Punjab : Adab Aur Saqafat \</subfield>
    <subfield code="c">Aslam Parvez</subfield>
  </datafield>
  <datafield tag="260" ind1=" " ind2=" ">
    <subfield code="a">Lahore :</subfield>
    <subfield code="b">Nigarshaat ;</subfield>
    <subfield code="c">1994.</subfield>
  </datafield>
  <datafield tag="300" ind1=" " ind2=" ">
    <subfield code="a">160 p.; </subfield>
  </datafield>
  <datafield tag="500" ind1=" " ind2=" ">
    <subfield code="a">Hardcover</subfield>
  </datafield>
  <datafield tag="880" ind1=" " ind2=" ">
    <subfield code="6">100-02\r</subfield>
    <subfield code="a">&#x627;&#x633;&#x644;&#x645; &#x67E;&#x631;&#x648;&#x6CC;&#x632;</subfield>
  </datafield>
  <datafield tag="880" ind1=" " ind2=" ">
    <subfield code="6">245-02\r</subfield>
    <subfield code="a">&#x67E;&#x646;&#x62C;&#x627;&#x628; : &#x627;&#x62F;&#x628; &#x627;&#x648;&#x631; &#x62B;&#x642;&#x627;&#x641;&#x62A;</subfield>
  </datafield>
  <datafield tag="942" ind1=" " ind2=" ">
    <subfield code="2">ddc</subfield>
    <subfield code="c">BK</subfield>
  </datafield>
  <datafield tag="952" ind1=" " ind2=" ">
    <subfield code="0">0</subfield>
    <subfield code="1">0</subfield>
    <subfield code="2">ddc</subfield>
    <subfield code="4">0</subfield>
    <subfield code="7">0</subfield>
    <subfield code="a">CL</subfield>
    <subfield code="b">CL</subfield>
    <subfield code="c">LIT</subfield>
    <subfield code="d">2019-07-02</subfield>
    <subfield code="l">0</subfield>
    <subfield code="o">891.423 PAR</subfield>
    <subfield code="p">CL-E-366</subfield>
    <subfield code="r">2019-07-02</subfield>
    <subfield code="w">2019-07-02</subfield>
    <subfield code="y">BK</subfield>
  </datafield>
</record>
